MARC details
| 000 -LEADER |
| campo de control de longitud fija |
02275cam a2200505 i 4500 |
| 001 - NÚMERO DE CONTROL |
| campo de control |
18104811 |
| 003 - IDENTIFICADOR DE NÚMERO DE CONTROL |
| campo de control |
BJBSDDR |
| 005 - FECHA Y HORA DE LA ÚLTIMA TRANSACCIÓN |
| campo de control |
20240111153619.0 |
| 007 - CAMPO FIJO DE DESCRIPCIÓN FÍSICA--INFORMACIÓN GENERAL |
| campo de control de longitud fija |
ta |
| 008 - DATOS DE LONGITUD FIJA--INFORMACIÓN GENERAL |
| campo de control de longitud fija |
140407s2013 nyua b 000 0 eng d |
| 010 ## - NÚMERO DE CONTROL DE LA BIBLIOTECA DEL CONGRESO |
| Número de control de LC |
2013409720 |
| 020 ## - NÚMERO INTERNACIONAL ESTÁNDAR DEL LIBRO |
| Número Internacional Estándar del Libro |
9781451694727 |
| Información calificativa |
(paperback) |
| 035 ## - NÚMERO DE CONTROL DEL SISTEMA |
| Número de control de sistema |
(OCoLC)ocn859534335 |
| 040 ## - FUENTE DE CATALOGACIÓN |
| Centro catalogador/agencia de origen |
FOLLT |
| Lengua de catalogación |
spa |
| Centro/agencia transcriptor |
FOLLT |
| Normas de descripción |
rda |
| Centro/agencia modificador |
ZQP |
| -- |
VP@ |
| -- |
OCLCO |
| -- |
OCLCF |
| -- |
NYP |
| -- |
OCLCQ |
| -- |
CGP |
| -- |
DLC |
| 041 ## - CÓDIGO DE IDIOMA |
| Código de lengua del texto/banda sonora o título independiente |
eng |
| 042 ## - CÓDIGO DE AUTENTICACIÓN |
| Código de autenticación |
lccopycat |
| 043 ## - CÓDIGO DE ÁREA GEOGRÁFICA |
| Código de área geográfica |
e-uk-st |
| 050 14 - SIGNATURA TOPOGRÁFICA DE LA BIBLIOTECA DEL CONGRESO |
| Número de clasificación |
PR 2823 |
| Número de ítem |
S527t 2013 |
| 082 04 - NÚMERO DE LA CLASIFICACIÓN DECIMAL DEWEY |
| Número de clasificación |
822.3/3 |
| Número de edición |
23 |
| 100 1# - ENTRADA PRINCIPAL--NOMBRE DE PERSONA |
| Nombre de persona |
Shakespeare, William, |
| Fechas asociadas al nombre |
1564-1616 |
| 9 (RLIN) |
121 |
| 240 10 - TÍTULO UNIFORME |
| Título uniforme |
Macbeth |
| 245 14 - MENCIÓN DEL TÍTULO |
| Título |
The tragedy of Macbeth / |
| Mención de responsabilidad, etc. |
by William Shakespeare ; edited by Barbara A. Mowat and Paul Werstine. |
| 246 14 - FORMA VARIANTE DEL TITULO |
| Título propio/Titulo breve |
Macbeth |
| 250 ## - MENCION DE EDICION |
| Mención de edición |
An updated edition, This Simon & Schuster paperback edition. |
| 260 ## - PUBLICACIÓN, DISTRIBUCIÓN, ETC. |
| Lugar de publicación, distribución, etc. |
New York : |
| Nombre del editor, distribuidor, etc. |
Simon & Schuster Paperbacks, |
| Fecha de publicación, distribución, etc. |
2013. |
| 300 ## - DESCRIPCIÓN FÍSICA |
| Extensión |
liv, 249 pages : |
| Otras características físicas |
illustrations ; |
| Dimensiones |
22 cm. |
| 336 ## - TIPO DE CONTENIDO |
| Término de tipo de contenido |
text |
| Código de tipo de contenido |
txt |
| Fuente |
rdacontent |
| 337 ## - TIPO DE MEDIO |
| Nombre/término del tipo de medio |
unmediated |
| Código del tipo de medio |
n |
| Fuente |
rdamedia |
| 338 ## - TIPO DE SOPORTE |
| Nombre/término del tipo de soporte |
volume |
| Código del tipo de soporte |
nc |
| Fuente |
rdacarrier |
| 490 0# - MENCIÓN DE SERIE |
| Mención de serie |
Folger Shakespeare library |
| 500 ## - NOTA GENERAL |
| Nota general |
"Includes detailed explanatory notes"--Spine. |
| 504 ## - NOTA DE BIBLIOGRAFÍA, ETC. |
| Nota de bibliografía, etc. |
Includes bibliographical references (pages 213-246). |
| 520 ## - RESUMEN, ETC. |
| Sumario, etc. |
Each edition includes: - Freshly edited text based on the best early printed version of the play - Full explanatory notes conveniently placed on pages facing the text of the play - Scene-by-scene plot summaries - A key to famous lines and phrases - An introduction to reading Shakespeare's language - An essay by an outstanding scholar providing a modern perspective on the play - Illustrations from the Folger Shakespeare Library's vast holdings of rare books. |
| 600 00 - PUNTO DE ACCESO ADICIONAL DE MATERIA--NOMBRE DE PERSONA |
| Nombre de persona |
Macbeth, |
| Títulos y otros términos asociados al nombre |
King of Scotland, |
| Fechas asociadas al nombre |
active 11th century |
| Subdivisión de forma |
Drama. |
| 600 07 - PUNTO DE ACCESO ADICIONAL DE MATERIA--NOMBRE DE PERSONA |
| Nombre de persona |
Macbeth, |
| Títulos y otros términos asociados al nombre |
King of Scotland, |
| Fechas asociadas al nombre |
active 11th century. |
| Fuente del encabezamiento o término |
fast |
| Número de control del registro de autoridad o número normalizado |
(OCoLC)fst01831984 |
| 650 #4 - PUNTO DE ACCESO ADICIONAL DE MATERIA--TÉRMINO DE MATERIA |
| Término de materia o nombre geográfico como elemento de entrada |
Drama |
| 9 (RLIN) |
1183 |
| Subdivisión general |
Teatro |
| 651 #0 - PUNTO DE ACCESO ADICIONAL DE MATERIA--NOMBRE GEOGRÁFICO |
| Nombre geográfico |
Scotland |
| Subdivisión de forma |
Drama |
| 651 #4 - PUNTO DE ACCESO ADICIONAL DE MATERIA--NOMBRE GEOGRÁFICO |
| Nombre geográfico |
Escocia |
| Subdivisión general |
Dramas |
| Subdivisión de forma |
Tragedias |
| 9 (RLIN) |
27246 |
| 700 1# - ENTRADA AGREGADA--NOMBRE PERSONAL |
| Nombre de persona |
Mowat, Barbara A., |
| Fechas asociadas al nombre |
1934-2017 |
| Término indicativo de función/relación |
editor |
| 9 (RLIN) |
32941 |
| 700 1# - ENTRADA AGREGADA--NOMBRE PERSONAL |
| Nombre de persona |
Werstine, Paul |
| Término indicativo de función/relación |
editor |
| 9 (RLIN) |
32943 |
| 906 ## - ELEMENTOS DE DATOS F LOCAL, LDF (RLIN) |
| a |
7 |
| b |
cbc |
| c |
copycat |
| d |
2 |
| e |
ncip |
| f |
20 |
| g |
y-gencatlg |
| 942 ## - ELEMENTOS DE ENTRADA SECUNDARIOS (KOHA) |
| Fuente del sistema de clasificación o colocación |
Clasificación de Library of Congress |
| Tipo de ítem Koha |
Libro |
| Suprimir en OPAC |
No |
| 946 ## - PROCESAMIENTO DE INFORMACIÓN LOCAL (OCLC) |
| Iniciales del agente catalogador |
dpf |